The vernacularisation of democracy: (Record no. 13751)

MARC details
000 -LEADER
fixed length control field 01521nam a22002777a 4500
005 - DATE AND TIME OF LATEST TRANSACTION
control field 20080617150854.0
010 ## - LCCN (DPL NO)
LC control number ENG-90330 B-423797-798
020 ## - INTERNATIONAL STANDARD BOOK NUMBER
Terms of availability 675.00
International Standard Book Number 9780415467322
035 ## - SYSTEM CONTROL NUMBER
System control number EN-73863
035 ## - SYSTEM CONTROL NUMBER
System control number B-423797-798
037 ## - SOURCE OF ACQUISITION
Source of stock number/acquisition DBAD / PUB
037 ## - SOURCE OF ACQUISITION
Source of stock number/acquisition Allied Publishers
082 ## - DEWEY DECIMAL CLASSIFICATION NUMBER
Classification number 321.80430954
100 ## - MAIN ENTRY--PERSONAL NAME
Personal name Michelutti, Lucia
245 ## - TITLE STATEMENT
Title The vernacularisation of democracy:
Statement of responsibility, etc by Luica Michelutti
Remainder of title politics, caste and religion in India /
260 ## - PUBLICATION, DISTRIBUTION, ETC. (IMPRINT)
Place of publication, distribution, etc New Delhi
Name of publisher, distributor, etc Routledge
Date of publication, distribution, etc 2008
270 ## - ADDRESS
Address 912-915, Tolstoy House,
City New Delhi
Postal code 110001
300 ## - PHYSICAL DESCRIPTION
Extent xxi, 253p.
Dimensions 23 cm (Hb)
490 ## - SERIES STATEMENT
Series statement Exploring the political in South Asia / edited by Mukulika Banerjee
-- 32400
500 ## - GENERAL NOTE
General note Includes bibliographical references and index
942 ## - ADDED ENTRY ELEMENTS (KOHA)
Item type English Books
Classification part 321.80430954
Source of classification or shelving scheme Dewey Decimal Classification
Call number suffix MIC
Holdings
Withdrawn status Lost status Not for loan Collection code Home library Current library Date acquired Source of acquisition Cost, normal purchase price Full call number Barcode Cost, replacement price Koha item type Copy number
      Non-fiction Central Library Central Library 10/08/2011 Allied Publishers/CR/0002704/17.3.11/75/4.3.11/17.3.11 675.00 321.80430954 MIC B-423797 675.00 English Books 1
    Not For Loan Non-fiction D.B.Act.Division D.B.Act.Division 17/06/2008 DBAD / PUB 675.00 321.80430954 / MIC EN-73863 675.00 English Books  
      Non-fiction Sarojini Nagar Sarojini Nagar 10/08/2011 Allied Publishers/CR/0002704/17.3.11/75/4.3.11/17.3.11 675.00 321.80430954 MIC B-423798 675.00 English Books 1

© Delhi Public Library
Hit Counter
free hit counter